000 00522nam a2200169Ia 4500
003 GCL
008 140319s9999 xx 000 0 ara d
040 _aGCL /
_cGCL
082 0 4 _a780.91
_bا ا
100 1 _aاحمد شفيق ابوعوف
245 1 0 _aاضواء على الموسيقى العربية /
_cاحمد شفيق ابوعوف
300 _a256 ص
490 _aسلسلة الثقافة الموسيقية
_v0
650 0 4 _aالموسيقى
650 0 4 _aالموسيقى الشرقية
942 _2ddc
_cBK
999 _c50007
_d50007